00301nam a2200109Ia 4500008004100000082001000041100003700051245002400088260003100112630002400143730002400167100328s9999 xx 000 0 und d b69742 aअंतरकर आनंद. aछायानट. bब्लू बर्ड. aछायानट. aछायानट.